Central Library OPAC University of Rajshahi

A million years of man : (Record no. 11875)

MARC details
000 -LEADER
fixed length control field 00852cam a22002771 4500
001 - CONTROL NUMBER
control field 11875
003 - CONTROL NUMBER IDENTIFIER
rucl marc code BD-RjUL
005 - DATE AND TIME OF LATEST TRANSACTION
control field 20211208235210.0
008 - FIXED-LENGTH DATA ELEMENTS--GENERAL INFORMATION
fixed length control field 140127s1963 ohua b 000 0 eng
035 ## - SYSTEM CONTROL NUMBER
System control number (BD-RjUL)11924
System control number (OCoLC)239468
040 ## - CATALOGING SOURCE
Original cataloging agency DLC
Transcribing agency OUrC
Modifying agency OCoLC
-- BD-RjUL
Language of cataloging eng
041 ## - LANGUAGE CODE
Language code of text/sound track or separate title eng
082 ## - DEWEY DECIMAL CLASSIFICATION NUMBER
Classification number 901.9
Author mark and year CAM 1963
100 1# - MAIN ENTRY--PERSONAL NAME
Personal name Carrington, Richard.
9 (RLIN) 36797
245 12 - TITLE STATEMENT
Title A million years of man :
Remainder of title the story of human development as a part of nature /
250 ## - EDITION STATEMENT
Edition statement [1st ed.]
260 ## - PUBLICATION, DISTRIBUTION, ETC. (IMPRINT)
Place of publication, distribution, etc. Cleveland,
Name of publisher, distributor, etc. World Pub. Co.
Date of publication, distribution, etc. 1963.
300 ## - PHYSICAL DESCRIPTION
Pagination xvi, 335 p. :
Illustrations illus. ;
Size 23 cm.
504 ## - BIBLIOGRAPHY, ETC. NOTE
Bibliography, etc Bibliography: p. 309-320. "Suggestions for further reading": p. 321.
650 #0 - SUBJECT ADDED ENTRY--TOPICAL TERM
Topical term or geographic name as entry element Prehistoric peoples.
9 (RLIN) 36798
Topical term or geographic name as entry element Civilization
General subdivision History.
9 (RLIN) 6414
942 ## - ADDED ENTRY ELEMENTS (KOHA)
Source of classification or shelving scheme Dewey Decimal Classification
Koha item type Books
Holdings
Lost status Source of classification or shelving scheme Damaged status Not for loan Collection code Permanent Location Current Location Shelving location Date acquired Source of acquisition Cost, normal purchase price Total Checkouts Full call number Date last seen Copy number Koha item type
  Dewey Decimal Classification   Not For Loan Non-fiction Central Library, University of Rajshahi Central Library, University of Rajshahi Reading Room 20/11/1965 Zeitlinger 36.00   901.9 CAM 1963 27/01/2014 C-1 Books